La Enfermeria en latinoamerica. Estrategías para su desarrollo. (Registro nro. 724)

Detalles MARC
000 -LEADER
fixed length control field 01025 am a2200217 a 4500
005 - FECHA ULTIMA MODIFICACION
control field 20240628101535.0
008 - CAMPO DE CONTROL (LIBRO)
fixed length control field 100914s1986||||ve # f |||| 001 0 spa d
020 ## - INTERNATIONAL STANDARD BOOK NUMBER
ISBN 9802653861
041 ## - CODIGO DE IDIOMA
Código de idioma del texto/pista de sonido o título separado spa
092 ## - SIGNATURA TOPOGRAFICA DEWEY LOCAL
número de clasificación 610.738
libristica 21
sección ENF
110 1# - ENTRADA PRINCIPAL-AUTOR CORPORATIVO
Nombre de la institución, jurisdicción como entrada principal Federación Panamericana de asociaciones de Facultades (escuelas) de Medicina.
9 (RLIN) 1461
Información adicional FEPAFEM
245 #3 - TITULO PROPIAMENTE DICHO
Título La Enfermeria en latinoamerica. Estrategías para su desarrollo.
Número de la parte/sección de la obra N°8 Memorias de la Reunión de Líderes de Enfermería /
Mención de responsabilidad y remanente de la transcripción de la portada Federación Panamericana de asociaciones de Facultades (escuelas) de Medicina.
250 ## - MENCION DE EDICION
Mención de edición 1a ed.
260 ## - PIE DE IMPRENTA
Lugar de publicación, distribución, etc Caracas [Venezuela]:
Nombre de la editorial, distribuidor, etc FEPAFEM;
Fecha de publicación 1986.
300 ## - DESCRIPCION FISICA
Extension 234 p.
500 ## - NOTA GENERAL
Nota general Federación Panamericana de asociaciones de Facultades (escuelas) de Medicina (FEPAFEM). (1986). La enfermería en Latinoamérica. Estrategias para su desarrollo. N°8 Memorias de la Reunión de Líderes de Enfermería. (1a ed.). Caracas [Venezuela] : FEPAFEM.
653 ## - TÉRMINO INDIZADO - PALABRAS CLAVES
Palabra clave Enfermería
653 ## - TÉRMINO INDIZADO - PALABRAS CLAVES
Palabra clave Latinoamérica
930 ## - NUMERO DE INVENTARIO
Número de inventario 534
942 ## - ADDED ENTRY ELEMENTS (KOHA)
Source of classification or shelving scheme Dewey Decimal Classification
Item type Libros
Existencias
Estado de retiro Existencia Estado general No para prestamo Ubicación permanente ubicación actual Sala de ubicación Fecha de adquisición Total Checkouts Número de clasificación Código de barras Date last seen Número de ejemplar Price effective from Koha tipo de elemento (item)
        Biblioteca Medicina Biblioteca Medicina Circulación 13/05/2011   610.738 21 ENF 534 06/11/2014 ej.1 13/05/2011 Libros

UNIVERSIDAD NACIONAL DEL COMAHUE
Biblioteca de la Facultad de Ciencias Médicas
Sede Toschi: Los Arrayanes y Av. Toschi, Cipolletti  - Rio Negro
Sede Los Tordos:  Yrigoyen al 2211, Cipolletti - Rio Negro 

Teléfono: 0299 - 4774707 int 25
Contacto: biblioteca@facimed.uncoma.edu.ar
© 2011 - 2026